|
|
|
|
| LEADER |
01518nam a2200433 a 4500 |
| 001 |
000637709 |
| 003 |
CZ BrMZK |
| 005 |
20050607150841.0 |
| 007 |
ta |
| 008 |
021122s2002 xr f cze d |
| 020 |
|
|
|a 80-7209-388-6
|q (brož.) :
|c Kč 199.00
|
| 040 |
|
|
|a BOA001
|b cze
|c BOA001
|
| 041 |
1 |
|
|a cze
|h ger
|
| 043 |
|
|
|a e------
|
| 072 |
|
7 |
|a 59
|x Zoologie
|2 Konspekt
|9 2
|
| 080 |
|
|
|a 598.2
|2 MRF
|
| 080 |
|
|
|a 591.9
|2 MRF
|
| 080 |
|
|
|a (4)
|2 MRF
|
| 080 |
|
|
|a (084.42)
|2 MRF
|
| 100 |
1 |
|
|a Nicolai, Jürgen,
|d 1925-2006
|7 xx0004083
|4 aut
|
| 245 |
1 |
0 |
|a Ptáci :
|b praktická příručka k určování evropských a našich ptáků /
|c Jürgen Nicolai, Detlef Singer, Konrad Wothe ; ilustrace Hermann Kacher
|
| 250 |
|
|
|a Vyd. 1.
|
| 260 |
|
|
|a Praha :
|b Slovart,
|c 2002
|
| 300 |
|
|
|a 254 s. :
|b barev il., mapy ;
|c 18 cm
|
| 490 |
1 |
|
|a Kapesní atlas
|
| 504 |
|
|
|a Obsahuje rejstřík
|
| 650 |
0 |
7 |
|a ptáci
|7 ph115956
|2 czenas
|
| 650 |
0 |
7 |
|a fauna
|7 ph114529
|z Evropa
|2 czenas
|
| 655 |
|
7 |
|a atlasy
|7 fd131835
|2 czenas
|
| 700 |
1 |
|
|a Singer, Detlef
|7 jn20020723175
|4 aut
|
| 700 |
1 |
|
|a Wothe, Konrad
|7 jn20001103173
|4 aut
|
| 700 |
1 |
|
|a Kacher, Hermann
|7 ola2003197890
|4 fnd
|
| 765 |
0 |
|
|t Vögel
|9 Česky
|
| 830 |
|
0 |
|a Kapesní atlas
|0 s
|
| 910 |
|
|
|a BOA001
|b 1-1110.210
|
| 967 |
|
|
|a 4
|b 4
|
| 990 |
|
|
|a BK
|
| 996 |
6 |
|
|b 2610176185
|c 1-1110.210
|l MZK
|r Sklad / do 1 hodiny
|n 0
|p p.v.
|w 000637709
|u 000010
|a 1
|e BOA001
|j MZK50
|s P
|
| 996 |
7 |
|
|b 2610176186
|c 1-1110.210
|l MZK
|r Sklad / do 1 hodiny
|n 50
|p kup
|w 000637709
|u 000020
|a 1
|e BOA001
|j MZK50
|s A
|